LEADER 00834nam0-22002891i-450- 001 990001668020403321 005 20050516101608.0 035 $a000166802 035 $aFED01000166802 035 $a(Aleph)000166802FED01 035 $a000166802 100 $a20030910d1928----km-y0itay50------ba 101 0 $aita 200 1 $a<>Cooperazioni dell' antica Firenze$fGiulio Gandi 210 $aFirenze$cEd. della Confederazione Nazionale Fascista dei Commercianti$d1928 215 $a270 p.$d25 cm 610 0 $aComuni$aStoria 610 0 $aFirenze 676 $a945.04 700 1$aGandi,$bGiulio$071958 801 0$aIT$bUNINA$gRICA$2UNIMARC 901 $aBK 912 $a990001668020403321 952 $a60 DONO IERNA 138$b36290$fFAGBC 959 $aFAGBC 996 $aCooperazioni dell' antica Firenze$9370331 997 $aUNINA LEADER 00899nam0-22003011i-450- 001 990003297720403321 005 20050720124409.0 010 $a88-464-1968-5 035 $a000329772 035 $aFED01000329772 035 $a(Aleph)000329772FED01 035 $a000329772 100 $a20030910d1999----km-y0itay50------ba 101 0 $aita 105 $ay-------001yy 200 1 $aGuida alla progettazione dello sviluppo locale$fIsfol 210 $aMilano$cFrancoAngeli$d1999 215 $a140 p. 610 0 $aStrategia locale 610 0 $aPatti territoriali 710 02$aIsfol$9$0423065 801 0$aIT$bUNINA$gRICA$2UNIMARC 901 $aBK 912 $a990003297720403321 952 $a050.012.ISF$b2361$fDECGE 959 $aDECGE 996 $aGuida alla progettazione dello sviluppo locale$9445936 997 $aUNINA